Statistics for AEW TNT Title PPV Matches

Click here to take the quiz!

General Stats

  • This quiz has been taken 8 times
  • The average score is 18 of 21

Answer Stats

EventWrestler% Correct
Worlds End 2023Adam Copeland
100%
Double or Nothing 2023Christian Cage
100%
Revolution 2024Christian Cage
100%
Worlds End 2023Christian Cage
100%
WrestleDream 2023Christian Cage
100%
Double or Nothing 2020Cody
100%
Full Gear 2020Cody Rhodes
100%
Full Gear 2020Darby Allin
100%
WrestleDream 2023Darby Allin
100%
All Out 2023Darby Allin
100%
Full Gear 2022Samoa Joe
100%
Double or Nothing 2023Wardlow
100%
Full Gear 2022Wardlow
100%
All Out 2021Miro
86%
Double or Nothing 2021Miro
86%
Full Gear 2022Powerhouse Hobbs
86%
Revolution 2024Daniel Garcia
71%
All Out 2023Luchasaurus
71%
Double or Nothing 2020Lance Archer
57%
Double or Nothing 2021Lance Archer
57%
All Out 2021Eddie Kingston
14%

Score Distribution

Percentile by Number Answered

Percent of People with Each Score

Your Score History

You have not taken this quiz